000 00893nam a2200265Ia 4500
003 OSt
005 20221005044340.0
006 a|||||r|||| 00| 0
007 ta
008 221004b |||||||| |||| 00| 0 urd d
020 _a9788192123493 (hbk)
_c400
024 _a27081
037 _b1549, 19/02/2016, M.R.Publications
_cTextual
040 _aCRL
_cCRL
_burd
041 _2urd
_aurd
082 _aO168,1N35w, Q5
100 _aSiddiqui. Anees Co.
_9592438
245 0 _aSo takalluf aur us ki seedhi baat
_b Selected Interviews of Shamsur Rehman Farooqui
260 _aHyderabad
_bRaana Publications. India
_c2015
300 _a530p.
_ccm.
650 _aURDU POETRY
700 _a Siddiqui. Raheel Co.
_9592439
942 _hO168,1N35w, Q5
_cTEXL
_2cc
999 _c953242
_d953242